Text book of statistics (Record no. 240723)

MARC details
000 -LEADER
fixed length control field 00736nam a22002177a 4500
005 - DATE AND TIME OF LATEST TRANSACTION
control field 20251212120946.0
008 - FIXED-LENGTH DATA ELEMENTS--GENERAL INFORMATION
fixed length control field 251212b |||||||| |||| 00| 0 eng d
040 ## - CATALOGING SOURCE
Transcribing agency AL
041 ## - LANGUAGE CODE
Language code of text/sound track or separate title English
082 ## - DEWEY DECIMAL CLASSIFICATION NUMBER
Classification number 519.5
Item number GOVS
100 ## - MAIN ENTRY--PERSONAL NAME
Personal name Government of Karnataka
100 ## - MAIN ENTRY--PERSONAL NAME
9 (RLIN) 248974
245 ## - TITLE STATEMENT
Title Text book of statistics
260 ## - PUBLICATION, DISTRIBUTION, ETC.
Place of publication, distribution, etc. Bengaluru
Name of publisher, distributor, etc. Department of Pre University Education
Date of publication, distribution, etc. 2025
300 ## - PHYSICAL DESCRIPTION
Extent xviii,399 p.
Other physical details PB
Dimensions 24x17.5cm
365 ## - TRADE PRICE
Price type code 5130
Price amount ₹195.00
Currency code
Unit of pricing ₹205.00
Price note 5%
Price effective from 11-12-2025
520 ## - SUMMARY, ETC.
Summary, etc. Prescribed textbook of statistics : for first year puc 2024-25 (Government of Karnataka)
650 ## - SUBJECT ADDED ENTRY--TOPICAL TERM
Topical term or geographic name entry element Mathematical Statistics
9 (RLIN) 248947
650 ## - SUBJECT ADDED ENTRY--TOPICAL TERM
Topical term or geographic name entry element a text book for I puc
9 (RLIN) 248973
650 ## - SUBJECT ADDED ENTRY--TOPICAL TERM
Topical term or geographic name entry element 2024-2025
9 (RLIN) 248953
942 ## - ADDED ENTRY ELEMENTS (KOHA)
Source of classification or shelving scheme Dewey Decimal Classification
Koha item type Book
Holdings
Withdrawn status Lost status Source of classification or shelving scheme Damaged status Not for loan Collection code Home library Current library Shelving location Date acquired Source of acquisition Cost, normal purchase price Total Checkouts Full call number Barcode Date last seen Cost, replacement price Price effective from Koha item type Date last checked out
    Dewey Decimal Classification     Computer Applications & Animation St Aloysius Library St Aloysius Library Stack Section 12/12/2025 Biblios Book Point, Surathkal-575014 195.00   519.5 GOVS 078001 12/12/2025 205.00 12/11/2025 Book  
    Dewey Decimal Classification     Computer Applications & Animation St Aloysius Library St Aloysius Library Stack Section 12/12/2025 Biblios Book Point, Surathkal-575014 195.00 2 519.5 GOVS 078002 04/09/2026 205.00 12/11/2025 Book 03/31/2026